000 00744nam a22002417a 4500
005 20170124110105.0
010 _aA-122583
020 _c00.00
035 _aA-122583
037 _bCen Lib/Ret
040 _aDPL
_bEN
082 _aN
_bFIE
100 _aFieiding, Henry
_927996
245 _aJoseph andrews and shamela /
_cby Henry Fielding ; edited with an introduction and notes by Martin C. Battestin
260 _aLondon
_bMethuen & Co.
_c1961
270 _bLondon
_a11 new fetter lane
300 _axliv, 370p.
_c21cm(Hb)
500 _aIncludes bibliographical references
650 _aLiterature-- Fiction
_973530
650 _aEnglish novels
_973531
700 _aBattestin, Martin C.
_973532
942 _2ddc
_cEN
_hN
_mFIE
999 _c129989
_d129989